000 00687cam a2200253 4500
001 ABS68517
008 041202n2004 000 0 eng u
035 _a(Sirsi) u128173
245 _aFocus 2: Wales
260 _c2004
490 _aEstates Gazette
_v(0447) 20 November 2004, 20 November 2004, 107-133(13)
590 _aABS
590 _aABS
650 _aWALES
650 _aCARDIFF
650 _aSWANSEA
650 _aNEWPORT
650 _aWELSH DEVELOPMENT AGENCY
650 _aOFFICE MARKET
650 _aPROPERTY-COMMERCIAL PROPERTY-RETAIL PROPERTY-RETAIL PROPERTY MARKET
650 _aINDUSTRIAL MARKET
690 _aCOMMERCIAL PROPERTY-MARKET
942 _n0
999 _c118390
_d118390